La resolución de conflictos en el aula /

Guardado en:
Autor Principal: Porro, Barbara
Formato: Libro
Publicado: Buenos Aires : Paidós, 1999
Series:Paidós educador; No. 146
Materias:
Etiquetas: Agregar Etiqueta
Sin Etiquetas, Sea el primero en etiquetar este registro!
LEADER 01111nam a22002055a 4500
001 CEM.cems010374
005 20080522121417.0
008 130507s1999##################000#0#####d
003 CEMS
020 |a 9501221466 
082 0 4 |a 371.5 
100 1 |a Porro, Barbara 
245 1 0 |a La resolución de conflictos en el aula /  |c Barbara Porro 
260 |a Buenos Aires :  |b Paidós,  |c 1999 
300 |a 201 p. 
490 0 |a Paidós educador; No. 146 
505 0 |a Cómo surgio el método Hablar hasta entenderse -- Cómo guiar a los niños a través del proceso -- El rincon de los Conflictos -- Resolución de problemas en el acto -- El camino hacia la resolución autónoma de los problemas -- La reunión de la clase -- Los pares como conciliadores -- Cuando el maestro y el alumno hablan hasta enternderse -- Cuando es hora de tomar las riendas -- Cómo edecuarse al niño y a la ocasión -- La resolución de problemas no es el único camino -- Hablar hasta entenderse en toda la escuela -- Apéndices 
653 |a Educación 
653 |a Aula-conflictos 
859 |a CEMS  |b BIB. CEMS - 11 de abril  |h 371.5  |i P828  |p 20913.00  |t Ej.1